Intercultural Communication in Teaching English as a Foreign Language bakalárska práca
Na minha lista:
| Autor principal: | |
|---|---|
| Autor Corporativo: | |
| Outros Autores: | |
| Formato: | Livro |
| Idioma: | inglês |
| Publicado em: |
Bratislava
2019
|
| Tags: |
Sem tags, seja o primeiro a adicionar uma tag!
|
MARC
| LEADER | 00000nbm a2200000 4500 | ||
|---|---|---|---|
| 001 | 0254664 | ||
| 005 | 20191106104859.6 | ||
| 041 | 0 | |a eng | |
| 044 | |a SK | ||
| 245 | 1 | 0 | |a Intercultural Communication in Teaching English as a Foreign Language |b bakalárska práca |c Simona Boleková ; školiteľ: Dominika Vargová |
| 264 | 1 | |a Bratislava |c 2019 | |
| 300 | |a 57 s. | ||
| 100 | 1 | |a Boleková, Simona | |
| 700 | 1 | |a Vargová, Dominika, 1987- | |
| 710 | 2 | |a Fakulta aplikovaných jazykov EU v Bratislave. Katedra jazykovedy a translatológie | |